Germany Borders - Statistics

General Stats
  • This quiz has been taken 180 times
  • The average score is 8 of 9
Answer Stats
Hint Answer % Correct
South Austria
98%
East Poland
98%
South Switzerland
98%
West Belgium
95%
West France
93%
East Czech Republic
91%
North Denmark
91%
West Netherlands
91%
West Luxembourg
86%
No matching quizzes found
Score Distribution
Percent of People with Each Score
Percentile by Number Answered
Your Score History
You have not taken this quiz